<?xml version="1.0" encoding="UTF-8"?><?xml-stylesheet type="text/xsl" href="static/style.xsl"?><OAI-PMH xmlns="http://www.openarchives.org/OAI/2.0/" xmlns:xsi="http://www.w3.org/2001/XMLSchema-instance" xsi:schemaLocation="http://www.openarchives.org/OAI/2.0/ http://www.openarchives.org/OAI/2.0/OAI-PMH.xsd"><responseDate>2026-04-17T06:37:49Z</responseDate><request verb="GetRecord" identifier="oai:www.recercat.cat:2117/100742" metadataPrefix="marc">https://recercat.cat/oai/request</request><GetRecord><record><header><identifier>oai:recercat.cat:2117/100742</identifier><datestamp>2025-07-22T20:10:03Z</datestamp><setSpec>com_2072_1033</setSpec><setSpec>col_2072_452951</setSpec></header><metadata><record xmlns="http://www.loc.gov/MARC21/slim" xmlns:dcterms="http://purl.org/dc/terms/" xmlns:xsi="http://www.w3.org/2001/XMLSchema-instance" xmlns:doc="http://www.lyncode.com/xoai" xsi:schemaLocation="http://www.loc.gov/MARC21/slim http://www.loc.gov/standards/marcxml/schema/MARC21slim.xsd">
   <leader>00925njm 22002777a 4500</leader>
   <datafield ind2=" " ind1=" " tag="042">
      <subfield code="a">dc</subfield>
   </datafield>
   <datafield ind2=" " ind1=" " tag="720">
      <subfield code="a">López I Callís, Lluís</subfield>
      <subfield code="e">author</subfield>
   </datafield>
   <datafield ind2=" " ind1=" " tag="260">
      <subfield code="c">2017-01-12</subfield>
   </datafield>
   <datafield ind2=" " ind1=" " tag="520">
      <subfield code="a">Aquest treball de final de grau s’ha realitzat per donar suport tècnic a l’ONG Petits Detalls, la&#xd;
qual està realitzant tasques de voluntariat molt importants en el sector de l’alimentació i la&#xd;
hidratació a Uganda.&#xd;
En concret, l’objecte d’aquest treball és analitzar la viabilitat tècnica, econòmica i social de&#xd;
les diverses alternatives de subministrament d’aigua a l’escola Tabingwa, situada al districte&#xd;
de Luuka, un dels més pobres del país.&#xd;
Actualment, l’escola no disposa de la infraestructura adequada per recollir i transportar&#xd;
l’aigua que s’extrau d’un pou situat fora del recinte de l’escola. A més, les quantitats d’aigua&#xd;
que s’estan consumint avui en dia estan molt per sota del mínims, fet que fa que les&#xd;
condicions de vida dels alumnes siguin extremes. És per aquest motiu, doncs, que el&#xd;
projecte tractarà d’apropar l’aigua a l’escola amb el disseny de l’alternativa que s’adapti&#xd;
millor a les condicions de la zona.&#xd;
Analitzant totes les alternatives possibles, s’ha arribat a la conclusió que la millor solució és&#xd;
instal·lar una bomba hidràulica en un dels dos pous possibles, alimentada amb un&#xd;
generador fotovoltaic situat a la coberta de l’escola. S’ha decidit, a més, que és millor que&#xd;
aquest sistema es combini paral·lelament amb un altre de recollida d’aigües pluvials, per tal&#xd;
de garantir que sempre hi hagi aigua disponible pels alumnes.&#xd;
Per tant, aquest projecte recull l’anàlisi de les condicions actuals de l’escola, la comparativa&#xd;
de totes les alternatives possibles de subministrament d’aigua com ara l’extracció, transport,&#xd;
emmagatzematge i distribució, el càlcul hidràulic del sistema amb la posterior elecció d’una&#xd;
bomba, el disseny de la instal·lació hidràulica, i finalment, un petit dimensionament de la&#xd;
instal·lació solar que proporciona l’energia necessària per alimentar la bomba.&#xd;
Finalment, s’ha realitzat un estudi econòmic del que suposa implementar aquest sistema&#xd;
d’abastiment d’aigua a l’escola, per tal que l’ONG decideixi si és viable assumir el cost del&#xd;
projecte.</subfield>
   </datafield>
   <datafield tag="653" ind2=" " ind1=" ">
      <subfield code="a">Àrees temàtiques de la UPC::Edificació::Construcció sostenible</subfield>
   </datafield>
   <datafield tag="653" ind2=" " ind1=" ">
      <subfield code="a">Àrees temàtiques de la UPC::Desenvolupament humà i sostenible::Cooperació per al desenvolupament::Projectes de cooperació</subfield>
   </datafield>
   <datafield tag="653" ind2=" " ind1=" ">
      <subfield code="a">Water-supply-Africa</subfield>
   </datafield>
   <datafield tag="653" ind2=" " ind1=" ">
      <subfield code="a">School buildings--Africa</subfield>
   </datafield>
   <datafield tag="653" ind2=" " ind1=" ">
      <subfield code="a">Aigua -- Abastament -- Àfrica</subfield>
   </datafield>
   <datafield tag="653" ind2=" " ind1=" ">
      <subfield code="a">Edificis escolars -- Africa</subfield>
   </datafield>
   <datafield ind2="0" ind1="0" tag="245">
      <subfield code="a">Estudi de viabilitat d'un sistema de subministrament d'aigua potable a l'escola Tabingwa, Uganda</subfield>
   </datafield>
</record></metadata></record></GetRecord></OAI-PMH>